000 00588nam a2200229Ia 4500
003 OSt
005 20220927105823.0
006 a|||||r|||| 00| 0
007 ta
008 220926b |||||||| |||| 00| 0 eng d
024 _a198260
037 _cReference Collections
040 _aRTL
_cRTL
_beng
041 _2eng
_aeng
082 _a"X415n2,N, L8/TD"
245 0 _aAnnual Statistical Statements
260 _c1980
300 _a329p.
_ccm.
500 _aBibliography chapterwise
942 _h"X415n2,N, L8/TD"
_cCC
999 _c694835
_d694835